000 00929nam a2200241Ia 4500
003 OSt
005 20220926021715.0
006 a|||||r|||| 00| 0
007 ta
008 220923b |||||||| |||| 00| 0 eng d
037 _cGeneral Book
040 _aRTL
_cRTL
_beng
041 _2eng
_aeng
082 _aV1N45,933:8.N76r, L6,7F /UN
110 _aUNITED NATIONS ENVIRONMENT PROGRAMME (Fund of-), GENERAL ASSEMBLY, OFFICIAL RECORDS: 31st SESSION
_9326647
245 0 _aFinancial report and accounts for the year ended 31 dec.1975 and report of the board of auditors
260 _aNew York
_bUnited Nations
_c1976
300 _aiii,23p
_ccm.
500 _aSupp. no. 7F (A/31/7/Add. 6)
700 _aUNITED NATIONS ENVIRONMENT PROGRAMME (Fund of-), GENERAL ASSEMBLY, OFFICIAL RECORDS: 31st SESSION
_9326648
942 _hV1N45,933:8.N76r, L6,7F /UN
_cGB
_2CC
999 _c637434
_d637434